| 000 | 00487cam a2200181 4500 | ||
|---|---|---|---|
| 040 | _cDLC | ||
| 082 | 0 | 0 | _a658 R.D.I 1972 A109 Or. |
| 100 | 1 | _aAnthony, Robert N. | |
| 245 | 1 | 0 |
_aManagement control systems; _btext, cases and readings |
| 250 | _aRev. ed. | ||
| 260 |
_aHomewood, Ill., _bR. D. Irwin, _c1972. |
||
| 300 |
_axii, 857 p. _billus. _c24 cm. |
||
| 650 | 0 | _aCost control. | |
| 650 | 0 | _aCost control | |
| 700 | 1 | _aDearden, John, | |
| 700 | 1 | _aVancil, Richard F., | |
| 942 | _cEK | ||
| 999 |
_c16951 _d16951 |
||